| 000 | 00735nam a2200253 a 4500 | ||
|---|---|---|---|
| 001 | 68398 | ||
| 003 | BD-RjUL | ||
| 005 | 20211209081751.0 | ||
| 008 | 170402s1968 pk b 001 0 eng | ||
| 020 | _cPRs 15.00 | ||
| 035 | _a(BD-RjUL)68608 | ||
| 040 |
_aDLC _cDLC _dBD-RjUL _beng |
||
| 041 | _aeng | ||
| 082 | 0 | 0 |
_a320.5491 _223 _bCHG 1968 |
| 100 | 1 |
_aChaudhuri, Muzaffar Ahmed. _9137067 |
|
| 245 | 1 | 0 |
_aGovernment and politics in Pakistan / _cby Muzaffer Ahmed Chaudhuri. |
| 260 |
_aDacca : _bPuthighar ltd, _cc1968. |
||
| 300 |
_av, 416 p. : _c25 cm. |
||
| 350 | _a15.00 | ||
| 504 | _aIncludes bibliography and index | ||
| 651 | 0 |
_aPakistan _xPolitics and government. _9202775 |
|
| 942 |
_2ddc _cBK |
||
| 999 |
_c68398 _d68398 |
||